000 00956cam a2200217 4500
001 WB3730-41
008 010802n2001 000 0 eng u
035 _a(Sirsi) u113914
245 _aCountryside action plan
260 _c2001
490 _aFarmers Guardian
_v 27 July 2001, 21(1)
520 _aWildlife and Countryside Link, made up of 14 environmental groups, has claimed that agri-environment schemes are underfunded, with only 10% of farms covered and providing only limited benefits from its restricted resources. The Link is calling on government to simplify schemes administratively with more positive rewards for farmers and also to merge government schemes into a single national programme.
590 _aWB
650 _aENVIRONMENTAL ISSUES
650 _aAGRICULTURE
650 _aFARMING SUBSIDIES
650 _aWILDLIFE CONSERVATION
650 _aAGRI-ENVIRONMENT SCHEMES
690 _aRURAL-NATURE CONSERVATION
942 _n0
999 _c67878
_d67878